00282nam a2200097Ia 4500008004100000020001500041100003000056245003500086260004400121300001900165180205s9999 xx 000 0 und d a9712312925 aDionisio-Arabit, Priscila aHandbook on student teaching / arecto Avenue CitybREX publishingc1993 aiii, 185 pages